| 000 | 00958cam a2200289 a 4500 | ||
|---|---|---|---|
| 001 | 16634288 | ||
| 005 | 20201128021104.0 | ||
| 008 | 110202t2010 xxka frbd 001 0 eng d | ||
| 010 | _a2010284839 | ||
| 020 | _a9781408007457 (pbk.) | ||
| 040 |
_aUKM _cUKM _dUWO _dDLC _dEG-ScBUE |
||
| 082 | 0 | 0 |
_a658.421 _222 _bSTO |
| 100 | 1 |
_aStokes, David _q(David R.) _936153 |
|
| 245 | 1 | 0 |
_aEntrepreneurship / _cDavid Stokes, Nick Wilson, Martha Mador. |
| 260 |
_aHampshire, United Kingdom : _bSouth-Western Cengage Learning, _cc.2010 _e(Singapore) |
||
| 300 |
_axx, 391 p. : _bill. (col.) ; _c25 cm. |
||
| 500 | _aGlossary : p. 383-385. | ||
| 500 | _aIndex : p. 387-391. | ||
| 504 | _aIncludes bibliographical references. | ||
| 650 | 0 |
_aEntrepreneurship _9240 _2BUEsh |
|
| 651 | _2BUEsh | ||
| 653 |
_bBUSADM _cOctober2014 |
||
| 655 |
_vText book _933728 |
||
| 700 | 1 |
_aWilson, Nicholas, _cPh.D. _936155 |
|
| 700 | 1 |
_aMador, Martha _936154 |
|
| 942 |
_2ddc _k658.421 STO |
||
| 999 |
_c18434 _d18406 |
||